शर्यत (Record no. 199620)

MARC details
000 -LEADER
fixed length control field 00350nam a2200145Ia 4500
008 - FIXED-LENGTH DATA ELEMENTS--GENERAL INFORMATION
fixed length control field 090124s9999 xx 000 0 und d
082 ## - DEWEY DECIMAL CLASSIFICATION NUMBER
Item number 403148
245 ## - TITLE STATEMENT
Title शर्यत
250 ## - EDITION STATEMENT
Edition statement 1
260 ## - PUBLICATION, DISTRIBUTION, ETC. (IMPRINT)
Name of publisher, distributor, etc सोनटक्के क. दि.
Date of publication, distribution, etc 1994
300 ## - PHYSICAL DESCRIPTION
Extent 64
630 ## - SUBJECT ADDED ENTRY--UNIFORM TITLE
Uniform title शर्यत
730 ## - ADDED ENTRY--UNIFORM TITLE
Uniform title शर्यत
942 ## - ADDED ENTRY ELEMENTS (KOHA)
Koha item type Book
Holdings
Withdrawn status Lost status Damaged status Not for loan Home library Current library Date acquired Cost, normal purchase price Total Checkouts Full call number Barcode Date last seen Cost, replacement price Price effective from Koha item type
        Marathi Granth Sangrahalaya,Thane Marathi Granth Sangrahalaya,Thane   20.00   403148 THNMGS-403148 01/24/2009 20.00 01/24/2009 Book